Normal view
MARC view
Entry Uniform Title
001 - CONTROL NUMBER
- control field: 41564
003 - CONTROL NUMBER IDENTIFIER
- control field: dpl
005 - DATE AND TIME OF LATEST TRANSACTION
- control field: 20120210160456.0
008 - FIXED-LENGTH DATA ELEMENTS
- fixed length control field: 120210|||a|||||| | ||| d
040 ## - CATALOGING SOURCE
- Original cataloging agency: dpl
- Transcribing agency: dpl
130 ## - HEADING--UNIFORM TITLE
- Uniform title: लोकोदय ग्रंथमालाःग्रन्थांक 1063 / रवीन्द्र कालिया द्वारा संपादित
670 ## - SOURCE DATA FOUND
- Source citation: Work cat.: (dpl)52159: 27526 त्यागी, रवीन्द्रनाथ, शेष-अवशेष /, 2011
670 ## - SOURCE DATA FOUND
- Source citation: Work cat.: (dpl)52159: 27526 त्यागी, रवीन्द्रनाथ, शेष-अवशेष /, 2011
